000
00227 a2200109 4500
001
63474
082
_a
297.4 HAJ
090
_c
37511
_d
37511
100
_a
Ali Al Hajwir
245
_a
Kashf Al-Mahjub
260
_a
London
_b
Luzac
942
_a
NUST-CAE
_k
297.4 HAJ
999
_c
298547
_d
298547